| 000 | 00459nam a22001817a 4500 | ||
|---|---|---|---|
| 003 | OSt | ||
| 005 | 20151027102939.0 | ||
| 008 | 130628t xxu||||| |||| 00| 0 eng d | ||
| 050 |
_aLB 2351 _b.C951 2006 |
||
| 082 |
_aIB 470.7 _bC87 2006 |
||
| 100 | _aCrossin, Megan | ||
| 245 |
_aSay it loud, say it proud _cMegan Crossin. |
||
| 260 |
_aAustralia : _bIBID Press, _c2006. |
||
| 300 | _a41 p. ; 28 cm. | ||
| 562 | _e1 | ||
| 942 |
_2lcc _cBK |
||
| 999 |
_c3301 _d3301 |
||